000 00875cad a22002055a 4500
001 L154110
008 111014s2008 xxk f 000 0 eng d
035 _a(Sirsi) u154110
041 0 _aeng
110 2 _aUK Trade and Investment
_94699
245 0 0 _aBuilding South Africa
_bopportunities for the UK construction sector, executive summary
_h[electronic resource]
260 _aLondon
_bUKTI
_c2008
520 _aLooks at the construction opportunities in South Africa.
590 _aKA
651 4 _aSouth Africa
690 _aBUILT ENVIRONMENT-CONSTRUCTION MARKET
690 _aBUILT ENVIRONMENT-BUILDING COSTS
856 4 0 _uhttps://www.constructionproducts.org.uk/publications/dbfiles/Building_South_Africa_Construction_%20Report_Executive_Summary.pdf
_zView the executive summary free of charge and order a copy of the full report at www.ukti.gov.uk
942 _n0
999 _c112844
_d112844